La industria del table dance a partir del Tratado de Libre Comercio en México. Performance, cuerpo e institucionalismo escaso (Record no. 181742)
[ view plain ]
| 000 -CABECERA | |
|---|---|
| campo de control de longitud fija | 01663nab a2200265 a 4500 |
| 005 - FECHA Y HORA DE LA ÚLTIMA TRANSACCIÓN | |
| campo de control | 20250625113946.0 |
| 008 - ELEMENTOS DE LONGITUD FIJA--INFORMACIÓN GENERAL | |
| campo de control de longitud fija | 991125c2015 mx tr p o 000 0 spa d |
| 035 ## - NÚMERO DE CONTROL DEL SISTEMA | |
| Número de control de sistema | UPN01000209641 |
| 040 ## - FUENTE DE LA CATALOGACIÓN | |
| Centro catalogador/agencia de origen | MX-MxUPN |
| Lengua de catalogación | spa |
| Centro/agencia transcriptor | MX-MxUPN |
| Normas de descripción | aacr2 |
| 049 ## - COLECCIÓN | |
| Colección | ART-E |
| 100 1# - ASIENTO PRINCIPAL--NOMBRE PERSONAL | |
| Nombre de persona | López Villagrán, Gilberto |
| 100 1# - ASIENTO PRINCIPAL--NOMBRE PERSONAL | |
| Filiación | gilbertovillagran@ yahoo.com.mx |
| 245 13 - MENCIÓN DE TÍTULO | |
| Título | La industria del table dance a partir del Tratado de Libre Comercio en México. Performance, cuerpo e institucionalismo escaso |
| 506 0# - NOTA DE RESTRICCIONES AL ACCESO | |
| Limitaciones de acceso | Acceso abierto |
| 520 3# - NOTA DE RESUMEN, ETC. | |
| Sumario, etc. | El presente documento se deriva de una investigación cualitativa realizada tanto en México como en Estados Unidos. Se propone desnaturalizar la industria erótica del table dance en México y se considera el contexto del libre comercio y las expectativas que éste detonó. A partir de lo contextual, lo performativo y lo institucional, se analizan los contenidos conceptuales del cuerpo y de la pornotopia. Se ofrece también la categoría de poliperformatividad como un agregado de actos performativos con el propósito de entender la semiótica del table dance . El problema del estigma y mutismo sociales son discutidos y se advierte de la dificultad para construir ciudadanía por parte de este colectivo de trabajadores sexuales. |
| 650 #2 - ASIENTO SECUNDARIO DE MATERIA - TERMINO TEMATICO | |
| Término de materia o nombre geográfico como elemento de entrada | Sexualidad |
| 9 (RLIN) | 7977 |
| 650 #2 - ASIENTO SECUNDARIO DE MATERIA - TERMINO TEMATICO | |
| Término de materia o nombre geográfico como elemento de entrada | Mujeres |
| 9 (RLIN) | 7160 |
| 653 0# - TERMINO DE INDIZACION - NO CONTROLADO | |
| Término no controlado | Industria erótica |
| 653 0# - TERMINO DE INDIZACION - NO CONTROLADO | |
| Término no controlado | Estigma social |
| 773 ## - ENLACE AL DOCUMENTO FUENTE/ENTRADA DE REGISTRO ANFITRIÓN | |
| Parte(s) relacionada(s) | Vol. 12, no. 27 (2015), p. 279-304 |
| Título | Andamios : revista de investigación social |
| Número Internacional Normalizado para Publicaciones Seriadas | 2594-1917 |
| 856 4# - LOCALIZACIÓN Y ACCESO ELECTRÓNICOS | |
| Identificador Uniforme del Recurso | <a href="https://andamios.uacm.edu.mx/index.php/andamios/article/view/85">https://andamios.uacm.edu.mx/index.php/andamios/article/view/85</a> |
| 902 ## - ELEMENTOS DE DATOS B LOCAL, LDB (RLIN) | |
| Creó | Gloria Jiménez/230625 |
| 905 ## - TIPO DE MATERIAL | |
| Tipo de material | Articulo |
| 942 ## - ELEMENTOS DE PUNTO DE ACCESO ADICIONAL (KOHA) | |
| Tipo de ítem Koha | Artículo Electrónico |
| Estado de retiro | Estado de pérdida | Estado dañado | No para préstamo | Código de colección | Localización permanente | Ubicación/localización actual | Ubicación en estantería | Fecha de adquisición | Total de préstamos | Fecha visto por última vez | Identificador Uniforme del Recurso | Precio válido a partir de | Tipo de ítem Koha |
|---|---|---|---|---|---|---|---|---|---|---|---|---|---|
| Acceso abierto | Bib. Gregorio Torres Quintero | Bib. Gregorio Torres Quintero | En línea | 25/06/2025 | 25/06/2025 | https://andamios.uacm.edu.mx/index.php/andamios/article/view/85 | 25/06/2025 | Artículo Electrónico |
